[Event "IECG SI.2007.0.00071 email"]
[Site "IECG email"]
[Date "2007.02.24"]
[Round "?"]
[White "Maidana Guerra, Victor Ramon"]
[Black "Paasikunnas, Petri"]
[Result "1-0"]
[WhiteElo "1914"]
[BlackElo "1624"]
[PlyCount "43"]
[EventDate "2007.02.24"]
[EventType "tourn (corr)"]
[EventRounds "6"]
[SourceTitle "Corr 2008"]
[Source "ChessBase"]
[SourceDate "2008.06.24"]
[SourceVersion "1"]
[SourceVersionDate "2008.06.24"]
[SourceQuality "1"]

1. Nf3 d5 2. d4 Nf6 3. c4 c6 4. cxd5 cxd5 5. Nc3 e6 6. Bg5 Be7 7. e3 Nbd7 8. Bd3 h6 9. Bh4 0-0 10. 0-0 Re8 11. Rc1 b6 12. Bg3 Nh5 13. Nxd5 Nxg3 14. Nxe7+ Qxe7 15. fxg3 Bb7 16. Rc7 Bc8 17. Qc2 Qd6 18. Bh7+ Kh8 19. Be4 Rb8 20. Rxa7 Nf6 21. Ne5 Nd5 22. Nxf7+ 1-0